[Event "Lichtenrader Herbst 2016"]
[Site "Berlin-Lichtenrade"]
[Date "2016.10.29"]
[Round "8.24"]
[White "Acikel, Mert"]
[Black "Bekasovs, Rihards"]
[Result "0-1"]
[WhiteElo "1871"]
[BlackElo "2003"]
[PlyCount "98"]
[EventDate "2016.??.??"]
[WhiteTeam "SK König Tegel 1949 e.V."]
[BlackTeam "Riga Chess School"]

1. e4 e6 2. d4 d5 3. Nd2 Nf6 4. e5 Nfd7 5. Bd3 c5 6. c3 Nc6 7. Ne2 cxd4 8. cxd4
f6 9. exf6 Nxf6 10. Nf3 Bd6 11. O-O Qc7 12. Bg5 O-O 13. Bh4 Nh5 14. Nc3 a6 15.
Bg3 Nxg3 16. fxg3 Be7 17. Qc2 h6 18. Bh7+ Kh8 19. Nh4 Rxf1+ 20. Rxf1 Bf6 21.
Ne2 Qd8 22. Nf4 Nxd4 23. Qd3 Nf5 24. Bxf5 exf5 25. Qxd5 Qxd5 26. Nxd5 Bd4+ 27.
Kh1 Bxb2 28. Re1 Bd7 29. Nb6 Re8 30. Rxe8+ Bxe8 31. Nc4 Bf6 32. Nxf5 b5 33. Nd2
Bf7 34. Nb3 Bxb3 35. axb3 a5 36. Nd6 a4 37. Nxb5 axb3 38. Na3 Be7 39. Nb1 Bc5
40. h3 Kg8 41. g4 Kf7 42. g3 Ke6 43. Kg2 Kd5 44. Kf1 b2 45. Ke2 Kc4 46. Kd2 Kb3
47. Kd3 Bb4 48. h4 g5 49. hxg5 hxg5 0-1

[Event "Lichtenrader Herbst 2016"]
[Site "Berlin-Lichtenrade"]
[Date "2016.10.29"]
[Round "8.25"]
[White "Wierzbicki, Jirawat"]
[Black "Shoipov, Dennie"]
[Result "1/2-1/2"]
[WhiteElo "2108"]
[BlackElo "1823"]
[PlyCount "45"]
[EventDate "2016.??.??"]
[WhiteTeam "SK König Tegel"]

1. e4 c5 2. c3 Nf6 3. e5 Nd5 4. d4 d6 5. Nf3 e6 6. Bc4 Be7 7. O-O O-O 8. Qe2
Qc7 9. Re1 Nc6 10. Qe4 cxd4 11. cxd4 Rd8 12. Bd3 f5 13. exf6 Nxf6 14. Qh4 Nb4
15. Be4 d5 16. Bf4 Nxe4 17. Bxc7 Bxh4 18. Nxh4 Rd7 19. Rc1 Nd3 20. Rc2 Nb4 21.
Rc1 Nd3 22. Rc2 Nb4 23. Rc1 1/2-1/2

[Event "Lichtenrader Herbst 2016"]
[Site "Berlin-Lichtenrade"]
[Date "2016.10.29"]
[Round "8.26"]
[White "Bluhm, Robert"]
[Black "Bolk, Matthias"]
[Result "0-1"]
[WhiteElo "1915"]
[BlackElo "2078"]
[PlyCount "106"]
[EventDate "2016.??.??"]
[WhiteTeam "TSG Oberschöneweide e.V."]
[BlackTeam "SC Kreuzberg e.V."]

1. e4 g6 2. d4 Bg7 3. Nc3 d6 4. Be3 a6 5. Qd2 b5 6. f3 Nd7 7. g4 Bb7 8. O-O-O
h5 9. g5 e6 10. h4 Ne7 11. Bg2 Nb6 12. b3 O-O 13. Nh3 b4 14. Ne2 a5 15. f4 d5
16. e5 Nf5 17. Bf2 Qd7 18. Kb2 Rfc8 19. Ra1 Bf8 20. Rhc1 a4 21. Nhg1 Ra5 22.
Bh3 Qb5 23. Bf1 Qc6 24. c3 a3+ 25. Kc2 Ba6 26. Kd1 bxc3 27. Rxc3 Qa8 28. Rc2 c5
29. Rac1 cxd4 30. Rxc8 Nxc8 31. Nxd4 Bxf1 32. Rxc8 Qxc8 33. Qxa5 Qc5 34. Qxc5
Bxc5 35. Ke1 Bxd4 36. Bxd4 Nxd4 37. Kxf1 Nxb3 38. Ne2 Kf8 39. Ke1 Ke7 40. Kd1
Kd7 41. Kc2 Na5 42. Nd4 Nc4 43. Kb3 Kc7 44. Nb5+ Kb6 45. Kb4 Kc6 46. Nd4+ Kd7
47. Nc2 Kc7 48. Kc3 Kb6 49. Kb4 Nd2 50. Nd4 Nc4 51. Nc2 Nb2 52. Ne1 d4 53. Kxa3
d3 0-1

[Event "Lichtenrader Herbst 2016"]
[Site "Berlin-Lichtenrade"]
[Date "2016.10.29"]
[Round "8.27"]
[White "Lange, Cecilia"]
[Black "Pueschel, Werner"]
[Result "1-0"]
[WhiteElo "1854"]
[BlackElo "2013"]
[PlyCount "87"]
[EventDate "2016.??.??"]
[WhiteTeam "TSG Oberschöneweide"]
[BlackTeam "Lasker Steglitz-Wilmersdorf"]

1. e4 d5 2. exd5 Qxd5 3. Nc3 Qd6 4. d4 Nf6 5. Nf3 a6 6. Be2 Bg4 7. h3 Bh5 8.
O-O e6 9. Ne5 Bxe2 10. Nxe2 Be7 11. Bf4 Qd8 12. Re1 O-O 13. Ng3 Nbd7 14. Qf3 c6
15. h4 Nb6 16. Rad1 Qd5 17. Ne4 Nxe4 18. Rxe4 f5 19. Re3 Bxh4 20. Qh5 Bf6 21.
Rh3 Bxe5 22. Qxh7+ Kf7 23. Bxe5 Ke8 24. Bxg7 Rf7 25. Qg6 Ke7 26. Bf6+ Rxf6 27.
Rh7+ Kd6 28. Qxf6 Nd7 29. Qe7+ Kc7 30. c4 Qd6 31. d5 exd5 32. cxd5 c5 33. Qxd6+
Kxd6 34. Rf7 Re8 35. Rxf5 Re2 36. Rb1 b5 37. Kf1 Rc2 38. g4 c4 39. g5 Ne5 40.
g6 Nxg6 41. Rf6+ Kxd5 42. Rxg6 a5 43. Rg5+ Kc6 44. f4 1-0

[Event "Lichtenrader Herbst 2016"]
[Site "Berlin-Lichtenrade"]
[Date "2016.10.29"]
[Round "8.28"]
[White "Hahlbohm, Matthias"]
[Black "Barisch, Florian"]
[Result "1-0"]
[WhiteElo "2100"]
[BlackElo "1914"]
[PlyCount "101"]
[EventDate "2016.??.??"]
[WhiteTeam "TSG Oberschöneweide e.V."]
[BlackTeam "SV Alsfeld"]

1. e4 e6 2. d4 d5 3. e5 c5 4. c3 Nc6 5. Nf3 Qb6 6. a3 c4 7. g3 Bd7 8. Bh3 Na5
9. Nbd2 Ne7 10. O-O Nf5 11. Bxf5 exf5 12. Re1 Be6 13. Rb1 Rd8 14. Qc2 Be7 15.
Nf1 Nb3 16. Bg5 a5 17. Bxe7 Kxe7 18. N3d2 a4 19. Nxb3 Qxb3 20. Qd2 h6 21. h4
Qb5 22. Ne3 Rdg8 23. Ng2 Qd7 24. f3 Kd8 25. Kf2 Kc7 26. Rh1 Qe7 27. Rbg1 b5 28.
Ne3 Qd7 29. Rh2 Kb7 30. Ke1 Kc6 31. Qe2 Kb7 32. Kd2 Kc8 33. Rf1 Kb7 34. g4 f4
35. Ng2 g5 36. Rfh1 Qd8 37. Ne1 Qf8 38. hxg5 hxg5 39. Rh5 Rxh5 40. Rxh5 Qg7 41.
Qh2 Kc7 42. Kc1 Kb7 43. Rh6 Kc7 44. Qh5 Kb7 45. Kd2 Kc7 46. Ke2 Kb7 47. Nc2 Kc7
48. Nb4 Kb7 49. Rh7 Qf8 50. Qh6 Qe8 51. Qf6 1-0

[Event "Lichtenrader Herbst 2016"]
[Site "Berlin-Lichtenrade"]
[Date "2016.10.29"]
[Round "8.29"]
[White "Weigel, Stefan"]
[Black "Hofene, Dieter"]
[Result "1/2-1/2"]
[WhiteElo "1854"]
[BlackElo "2056"]
[PlyCount "83"]
[EventDate "2016.??.??"]
[WhiteTeam "SSV Rotation Berlin e.V."]
[BlackTeam "SF Beelen 1984 e.V."]

1. e4 e6 2. d4 d5 3. exd5 exd5 4. Bf4 Nf6 5. Nf3 Bg4 6. Be2 Be7 7. O-O O-O 8.
Nbd2 Nc6 9. c3 Nh5 10. Be3 Bd6 11. h3 Bd7 12. Ne5 Nf6 13. Nxd7 Qxd7 14. Bd3 Ne7
15. Bg5 Ne8 16. Nf3 f6 17. Bd2 g6 18. Nh2 Ng7 19. Qc2 c6 20. Rae1 Rae8 21. Ng4
Bb8 22. f4 Kh8 23. Rf2 Ng8 24. Rfe2 h5 25. Rxe8 Rxe8 26. Rxe8 Nxe8 27. Nh2 f5
28. Nf3 Nd6 29. Bc1 Kg7 30. Ne5 Qe6 31. b3 Nf6 32. c4 Nfe4 33. b4 a6 34. a4 Nf7
35. c5 Qe7 36. Qe2 Qh4 37. Bd2 Nxd2 38. Qxd2 Qg3 39. Qf2 h4 40. Qxg3 hxg3 41.
Kf1 Nd8 42. Ke2 1/2-1/2

[Event "Lichtenrader Herbst 2016"]
[Site "Berlin-Lichtenrade"]
[Date "2016.10.29"]
[Round "8.30"]
[White "Ziese, Gerhard"]
[Black "Al Ahmad, Khaled"]
[Result "1-0"]
[WhiteElo "2013"]
[BlackElo "1750"]
[PlyCount "115"]
[EventDate "2016.??.??"]
[WhiteTeam "SG Turm Leipzig"]
[BlackTeam "Läufer Reinickendorf"]

1. c4 e6 2. g3 d5 3. Bg2 dxc4 4. Qa4+ c6 5. Qxc4 Nf6 6. Nf3 Nbd7 7. O-O Be7 8.
d4 h6 9. Nc3 O-O 10. e4 Re8 11. Rd1 Bf8 12. Be3 Ng4 13. Bf4 g5 14. Bc1 Ngf6 15.
h3 Rb8 16. Be3 b6 17. Rac1 Bb7 18. Ne1 g4 19. h4 Nh5 20. Nd3 b5 21. Qb3 a5 22.
Qc2 Qf6 23. e5 Qg7 24. Ne4 c5 25. dxc5 Nxe5 26. Nxe5 Qxe5 27. Nd6 Bxg2 28. Kxg2
Red8 29. Qd2 Bxd6 30. cxd6 Qe4+ 31. Kh2 Nf6 32. Bxh6 Nd5 33. Qg5+ Qg6 34. Qxg6+
fxg6 35. Bg5 Rd7 36. Bf4 Rbb7 37. Be5 Nb6 38. b3 a4 39. Rd4 Ra7 40. Rxg4 axb3
41. axb3 Kh7 42. Rc6 Nd5 43. Rc8 Rg7 44. Bxg7 Kxg7 45. h5 Kf6 46. Rxg6+ Ke5 47.
Rd8 Ra2 48. h6 Rxf2+ 49. Kh3 Rf1 50. d7 Kd6 51. Rh8 Kxd7 52. h7 Ne3 53. Kh2
Rf2+ 54. Kh3 Rf1 55. Rd8+ Kc7 56. Rd2 Rh1+ 57. Rh2 Rg1 58. h8=Q 1-0

[Event "Lichtenrader Herbst 2016"]
[Site "Berlin-Lichtenrade"]
[Date "2016.10.29"]
[Round "8.73"]
[White "Idaczek, Guenter"]
[Black "Chojnowski, Marcin"]
[Result "1/2-1/2"]
[WhiteElo "1916"]
[BlackElo "2012"]
[PlyCount "91"]
[EventDate "2016.??.??"]
[WhiteTeam "TSV Mariendorf"]
[BlackTeam "Cross Warszawa"]

1. e4 c5 2. d3 d6 3. Nd2 g6 4. g3 Bg7 5. Bg2 Nc6 6. Ngf3 Nf6 7. O-O O-O 8. c3
Nd7 9. a4 b6 10. Nc4 Ba6 11. Ne3 Rc8 12. Re1 Nde5 13. Nxe5 Nxe5 14. Bf1 Nc6 15.
Bh3 e6 16. f4 f5 17. Bg2 Kh8 18. Kh1 Qf6 19. Nc2 e5 20. Be3 Rfd8 21. Na3 Bb7
22. Nb5 a6 23. Na3 Ne7 24. Nc4 b5 25. Nb6 Rb8 26. a5 exf4 27. gxf4 Qh4 28. Qe2
g5 29. fxg5 Be5 30. Bf3 fxe4 31. dxe4 Bxe4 32. Bxe4 Qxe4+ 33. Qg2 Qh4 34. Bf2
Qh5 35. Bxc5 Ng6 36. Bd4 Nf4 37. Rxe5 dxe5 38. Bxe5+ Kg8 39. Qf1 Ne2 40. Qf6
Ng3+ 41. Bxg3 Rd1+ 42. Rxd1 Qxd1+ 43. Kg2 Rf8 44. Qe6+ Rf7 45. Qe8+ Rf8 46.
Qe6+ 1/2-1/2

[Event "Lichtenrader Herbst 2016"]
[Site "Berlin-Lichtenrade"]
[Date "2016.10.29"]
[Round "8.16"]
[White "Barath, Madhan"]
[Black "Schmidt, Juergen"]
[Result "1-0"]
[WhiteElo "2125"]
[BlackElo "1953"]
[PlyCount "99"]
[EventDate "2016.??.??"]
[WhiteTeam "SC Zugzwang 95 e.V."]
[BlackTeam "SC Kreuzberg"]

1. Nf3 Nf6 2. c4 e6 3. e3 d5 4. Nc3 Be7 5. d4 O-O 6. Qc2 Nbd7 7. b3 b6 8. Bb2
Bb7 9. Bd3 Bb4 10. O-O-O Bxc3 11. Qxc3 a5 12. c5 c6 13. Kb1 a4 14. b4 a3 15.
Ba1 Ba6 16. Bc2 Qe7 17. Kc1 Rfe8 18. Bb1 bxc5 19. bxc5 Reb8 20. Nd2 Ng4 21. Qc2
Rxb1+ 22. Nxb1 Ndf6 23. h3 Nh6 24. Nd2 Qb7 25. g4 Nd7 26. Bc3 Bb5 27. Nb3 Ba4
28. Kd2 Kh8 29. Rb1 Qc7 30. Qc1 Bb5 31. Qg1 f6 32. Qh2 e5 33. Qg3 Nf7 34. h4
Qa7 35. Rhg1 Qa6 36. g5 fxg5 37. hxg5 Bd3 38. Rbe1 Bg6 39. e4 exd4 40. Bxd4
dxe4 41. Re3 Rd8 42. Kc1 Re8 43. f4 Rb8 44. Qe1 Nd8 45. Qc3 Ne6 46. Rd1 Nxf4
47. Bxg7+ Kg8 48. Bh6 Ne5 49. Qxe5 Qc4+ 50. Kb1 1-0

[Event "Lichtenrader Herbst 2016"]
[Site "Berlin-Lichtenrade"]
[Date "2016.10.29"]
[Round "8.18"]
[White "Baum, Jonasz"]
[Black "Gebigke, Martin"]
[Result "1-0"]
[WhiteElo "1851"]
[BlackElo "2121"]
[PlyCount "141"]
[EventDate "2016.??.??"]
[WhiteTeam "UKS Czternastka Warszawa"]
[BlackTeam "SC Kreuzberg"]

1. e4 c5 2. Nf3 d6 3. d4 cxd4 4. Nxd4 Nf6 5. Nc3 a6 6. h3 e6 7. g4 Nfd7 8. Bg2
Be7 9. Be3 Nc6 10. Qe2 O-O 11. O-O-O Rb8 12. f4 Nxd4 13. Bxd4 Qa5 14. Ba7 Ra8
15. Bd4 b5 16. e5 d5 17. Nxd5 exd5 18. Bxd5 Rb8 19. e6 Bd6 20. exd7 Bxf4+ 21.
Kb1 Bxd7 22. Rhf1 Qc7 23. Qf3 g5 24. h4 Be6 25. Be4 h6 26. hxg5 Bxg5 27. Be3
Bxe3 28. Qxe3 Qb6 29. Qf4 Rbd8 30. Rxd8 Rxd8 31. g5 Qd6 32. Qxd6 Rxd6 33. gxh6
f5 34. Bd3 Bc8 35. a4 Rd5 36. axb5 axb5 37. Rh1 Kh7 38. Rh5 Be6 39. b3 Rc5 40.
Kb2 b4 41. Rh4 Re5 42. Rxb4 Kxh6 43. Rb5 Rxb5 44. Bxb5 f4 45. Be2 Bd5 46. c4 f3
47. Bf1 Be4 48. b4 Kg5 49. Kc3 Kf4 50. Kd4 f2 51. b5 Bf3 52. c5 Kg3 53. c6 Kh2
54. c7 Bg4 55. b6 Bc8 56. Kc5 Kg1 57. Bb5 Bd7 58. Bxd7 f1=Q 59. c8=Q Qf2+ 60.
Kc6 Qf3+ 61. Kc7 Qg3+ 62. Kb7 Qg2+ 63. Kb8 Qg3+ 64. Qc7 Qg8+ 65. Bc8 Qg5 66. b7
Kh1 67. Ka8 Qd5 68. Be6 Qxe6 69. b8=Q Qa2+ 70. Qca7 Qd5+ 71. Qab7 1-0

[Event "Lichtenrader Herbst 2016"]
[Site "Berlin-Lichtenrade"]
[Date "2016.10.29"]
[Round "8.6"]
[White "Inkiov, Ventzislav"]
[Black "Ilic, Zoran S"]
[Result "1-0"]
[WhiteElo "2436"]
[BlackElo "2283"]
[PlyCount "75"]
[EventDate "2016.??.??"]
[BlackTeam "ohne Verein"]

1. d4 Nf6 2. c4 c5 3. d5 g6 4. Nc3 Bg7 5. e4 d6 6. f4 O-O 7. Nf3 e6 8. Be2 exd5
9. exd5 Re8 10. O-O Bf5 11. Bd3 Qd7 12. Qc2 Bxd3 13. Qxd3 Na6 14. a3 Nc7 15.
Bd2 Rab8 16. b4 b6 17. bxc5 bxc5 18. Rab1 Nh5 19. g3 f5 20. Rxb8 Rxb8 21. Rb1
Rxb1+ 22. Qxb1 Qc8 23. a4 Nf6 24. Nb5 Qb8 25. Qe1 Ne4 26. Ng5 Nxg5 27. fxg5 Be5
28. Bf4 Nxb5 29. axb5 Qc7 30. Kg2 Kf7 31. Bxe5 dxe5 32. Qa1 Qe7 33. h4 Ke8 34.
Qa6 e4 35. Qc6+ Kf7 36. d6 Qd8 37. Qxc5 Qb6 38. Qd5+ 1-0

[Event "Lichtenrader Herbst 2016"]
[Site "Berlin-Lichtenrade"]
[Date "2016.10.30"]
[Round "9.2"]
[White "Gabuzyan, Hovhannes"]
[Black "Inkiov, Ventzislav"]
[Result "1-0"]
[WhiteElo "2592"]
[BlackElo "2436"]
[PlyCount "73"]
[EventDate "2016.??.??"]

1. Nf3 Nf6 2. g3 d5 3. Bg2 e6 4. O-O Be7 5. d3 O-O 6. Nbd2 c5 7. e4 Nc6 8. Re1
b5 9. exd5 exd5 10. a4 b4 11. d4 Bg4 12. dxc5 Bxc5 13. Nb3 Bb6 14. h3 Ne4 15.
Be3 Bh5 16. a5 Bxf3 17. Bxf3 Bxe3 18. Rxe3 f5 19. Nc5 Rf6 20. Rd3 Qe7 21. Nb3
Qe5 22. Rxd5 Qxb2 23. Rxf5 Nc3 24. Qd3 Rxf5 25. Qxf5 Nd4 26. Qg4 Rd8 27. Re1
Nxf3+ 28. Qxf3 Qxc2 29. Nd4 Qd2 30. Re7 Rf8 31. Rxg7+ Kxg7 32. Ne6+ Kg6 33.
Nxf8+ Kg7 34. Ne6+ Kg6 35. Nf4+ Kg7 36. Qb7+ Kf6 37. Qa6+ 1-0

[Event "Lichtenrader Herbst 2016"]
[Site "Berlin-Lichtenrade"]
[Date "2016.10.30"]
[Round "9.4"]
[White "Schnabel, Ralf"]
[Black "Kovalev, Andrei"]
[Result "0-1"]
[WhiteElo "2234"]
[BlackElo "2506"]
[PlyCount "90"]
[EventDate "2016.??.??"]
[WhiteTeam "ESV Nickelhütte Aue"]

1. e4 c5 2. Nf3 Nc6 3. d4 cxd4 4. Nxd4 Nf6 5. Nc3 d6 6. Be2 g6 7. Nb3 Bg7 8.
O-O O-O 9. Bg5 a6 10. f4 b5 11. Bf3 b4 12. Na4 Qc7 13. c4 Rd8 14. Qe2 Be6 15.
Rac1 Rac8 16. Rfd1 h6 17. Bh4 Na5 18. Nxa5 Qxa5 19. b3 g5 20. Bf2 g4 21. Bb6
Qh5 22. Bxd8 gxf3 23. gxf3 Rxd8 24. Qf2 Bd7 25. Nb6 Bc6 26. Nd5 Nxd5 27. cxd5
Bb5 28. Rc7 Kh7 29. Kh1 Bf6 30. Rg1 Qh3 31. Qg3 Qxg3 32. hxg3 Kg6 33. Kg2 Re8
34. g4 Bd4 35. Rd1 Bb6 36. Rb7 Be3 37. Kg3 h5 38. g5 f5 39. Rh1 Bd3 40. Rxb4
Bc5 41. Rb7 fxe4 42. fxe4 Bxe4 43. Re1 Kf5 44. b4 h4+ 45. Kh3 Bf2 0-1

[Event "Lichtenrader Herbst 2016"]
[Site "Berlin-Lichtenrade"]
[Date "2016.10.30"]
[Round "9.5"]
[White "Krefenstein, Sergej"]
[Black "Kasparov, Sergey"]
[Result "1/2-1/2"]
[WhiteElo "2176"]
[BlackElo "2470"]
[PlyCount "81"]
[EventDate "2016.??.??"]
[WhiteTeam "TuS Makkabi Berlin"]

1. c4 c5 2. g3 Nc6 3. Bg2 g6 4. Nc3 Bg7 5. e4 e6 6. Nge2 Nge7 7. d3 d6 8. O-O
O-O 9. a3 Rb8 10. Rb1 b6 11. b4 Bb7 12. Bf4 e5 13. Bd2 Qd7 14. b5 Nd8 15. a4
Ne6 16. Nd5 Nxd5 17. exd5 Nd4 18. Nxd4 cxd4 19. a5 f5 20. axb6 axb6 21. Ra1 Qc7
22. Qb3 Ra8 23. Bb4 Rfe8 24. Ra3 Rxa3 25. Qxa3 Bf8 26. Qb2 Ra8 27. Ra1 Qb8 28.
Rxa8 Qxa8 29. Qa3 Qxa3 30. Bxa3 Kf7 31. Bc1 Bc8 32. f3 h6 33. Kf2 Kf6 34. h4 g5
35. hxg5+ hxg5 36. Bf1 Be7 37. Bg2 Bd7 38. Bd2 Be8 39. g4 Bg6 40. Ke2 Bh7 41.
Bc1 1/2-1/2

[Event "Lichtenrader Herbst 2016"]
[Site "Berlin-Lichtenrade"]
[Date "2016.10.30"]
[Round "9.6"]
[White "Buttkus, Andre"]
[Black "Ahmadinia, Ebrahim"]
[Result "0-1"]
[WhiteElo "2024"]
[BlackElo "2370"]
[PlyCount "66"]
[EventDate "2016.??.??"]
[WhiteTeam "SK Tempelhof 1931"]
[BlackTeam "SF Berlin 1903 e.V."]

1. d4 g6 2. c4 Bg7 3. Nc3 d6 4. Nf3 Nf6 5. Bf4 O-O 6. e3 c5 7. Be2 Bf5 8. h3
Qb6 9. Qd2 Ne4 10. Nxe4 Bxe4 11. Rd1 Nc6 12. d5 Nb4 13. b3 Qa5 14. O-O Qxa2 15.
Qxa2 Nxa2 16. Bd3 Bxd3 17. Rxd3 b5 18. e4 Nb4 19. Rdd1 bxc4 20. bxc4 a5 21. e5
Ra6 22. Ra1 Nd3 23. Bd2 a4 24. exd6 Bxa1 25. dxe7 Bg7 26. d6 Rxd6 27. exf8=Q+
Kxf8 28. Rb1 Bb2 29. Ne1 a3 30. Bh6+ Ke8 31. Nxd3 Rxd3 32. Re1+ Kd7 33. Bc1 Bc3
0-1

[Event "Lichtenrader Herbst 2016"]
[Site "Berlin-Lichtenrade"]
[Date "2016.10.30"]
[Round "9.7"]
[White "Bruedigam, Martin"]
[Black "Feil, Stephan"]
[Result "1/2-1/2"]
[WhiteElo "2408"]
[BlackElo "2140"]
[PlyCount "127"]
[EventDate "2016.??.??"]
[WhiteTeam "SK König Tegel"]
[BlackTeam "SK 1962 Ladenburg"]

1. e4 e5 2. Nf3 Nf6 3. Nxe5 d6 4. Nf3 Nxe4 5. d4 d5 6. Bd3 Nc6 7. O-O Be7 8. c4
Nf6 9. h3 Nb4 10. Be2 dxc4 11. Bxc4 O-O 12. Nc3 c6 13. Bf4 Bf5 14. a3 Nbd5 15.
Bh2 Qa5 16. Re1 Rae8 17. Qb3 Nxc3 18. bxc3 Qb6 19. Qa2 Bg6 20. a4 Qa5 21. Qb3
Qb6 22. Re3 Qxb3 23. Bxb3 Bd8 24. Ne5 Bc7 25. Bg3 Bxe5 26. Bxe5 Nd5 27. Rg3 Rd8
28. c4 Ne7 29. c5 Nf5 30. Rd3 Rfe8 31. Rad1 Ne7 32. R3d2 Nd5 33. Bxd5 Rxd5 34.
f3 Bf5 35. Kf2 h5 36. g4 hxg4 37. hxg4 Bc8 38. a5 f6 39. Bf4 Kf7 40. Re2 Rxe2+
41. Kxe2 Rd8 42. Bd6 Rh8 43. Ke3 Rh3 44. Kf2 a6 45. Re1 Be6 46. Rb1 Bc8 47. Re1
Be6 48. Rg1 g5 49. Rb1 Bc8 50. Re1 Be6 51. Kg2 Rh8 52. Kg3 Rh4 53. Kf2 Rh3 54.
Rg1 Bd5 55. Bg3 Be6 56. Re1 Rh8 57. Rb1 Bc8 58. Re1 Be6 59. Bc7 Rh3 60. Kg2 Rh8
61. Kg3 Rh4 62. Rb1 Bc8 63. Re1 Be6 64. Bd6 1/2-1/2

[Event "Lichtenrader Herbst 2016"]
[Site "Berlin-Lichtenrade"]
[Date "2016.10.30"]
[Round "9.8"]
[White "Rettore, Ludwig"]
[Black "Giemsa, Stephan"]
[Result "1/2-1/2"]
[WhiteElo "2087"]
[BlackElo "2270"]
[PlyCount "29"]
[EventDate "2016.??.??"]
[WhiteTeam "Il Castelletto"]
[BlackTeam "SK König Tegel 1949 e.V."]

1. e4 e6 2. d3 c5 3. Nf3 Nc6 4. g3 Nf6 5. Bg2 Be7 6. O-O O-O 7. Nbd2 d6 8. h3
Qc7 9. Nh2 d5 10. Ng4 Nxg4 11. hxg4 dxe4 12. Nxe4 e5 13. g5 Bf5 14. Be3 Nd4 15.
Nc3 1/2-1/2

[Event "Lichtenrader Herbst 2016"]
[Site "Berlin-Lichtenrade"]
[Date "2016.10.30"]
[Round "9.10"]
[White "Meister, Jakob"]
[Black "Baum, Jonasz"]
[Result "1-0"]
[WhiteElo "2444"]
[BlackElo "1851"]
[PlyCount "137"]
[EventDate "2016.??.??"]
[WhiteTeam "SK Zehlendorf"]
[BlackTeam "UKS Czternastka Warszawa"]

1. c4 e6 2. g3 d5 3. Bg2 Nf6 4. d3 dxc4 5. Qa4+ Bd7 6. Qxc4 Bc6 7. Nf3 Nbd7 8.
O-O Bd6 9. Qc2 Qe7 10. Nbd2 Ne5 11. e4 Nxf3+ 12. Nxf3 e5 13. Re1 Bc5 14. Bg5
Bb4 15. Re2 h6 16. Bc1 Rd8 17. a3 Ba5 18. b4 Bb6 19. Bb2 Bb5 20. Rd1 Ng4 21. a4
Bxf2+ 22. Kh1 Ne3 23. Rxe3 Bxe3 24. axb5 Bd4 25. Nxd4 exd4 26. Qc4 Qd6 27. Rf1
O-O 28. Rf5 c6 29. bxc6 Qxc6 30. Qxc6 bxc6 31. Ra5 Rb8 32. Ba3 Rb5 33. Rxa7 c5
34. Bh3 cxb4 35. Bb2 b3 36. Bg4 Rfb8 37. Rc7 Ra8 38. Bd7 Rb6 39. Rc1 Ra2 40.
Rb1 h5 41. e5 Rb7 42. e6 Kf8 43. Bxd4 Re2 44. Bc5+ Kg8 45. Bc6 Rc7 46. exf7+
Kxf7 47. Bd5+ Kg6 48. Bf3 Rd2 49. Be3 Ra2 50. Rxb3 Rcc2 51. Rb1 Rxh2+ 52. Kg1
Rab2 53. Rf1 h4 54. g4 Kh7 55. Be4+ g6 56. Bf2 Rh3 57. Rd1 Kh6 58. Bg2 Rxf2 59.
Kxf2 Rg3 60. Bf3 Kg5 61. Ra1 Rh3 62. Ke3 Rh2 63. Ra5+ Kf6 64. g5+ Ke6 65. Be4
h3 66. Ra6+ Ke7 67. Rxg6 Rb2 68. Rh6 h2 69. Kf3 1-0

[Event "Lichtenrader Herbst 2016"]
[Site "Berlin-Lichtenrade"]
[Date "2016.10.30"]
[Round "9.11"]
[White "Ilic, Zoran S"]
[Black "Kreutz, Jonas"]
[Result "1-0"]
[WhiteElo "2283"]
[BlackElo "1722"]
[PlyCount "67"]
[EventDate "2016.??.??"]
[WhiteTeam "ohne Verein"]
[BlackTeam "SV Königsjäger Süd-West e.V."]

1. Nf3 d5 2. c4 e6 3. g3 c6 4. Bg2 f5 5. O-O Nf6 6. b3 Bd6 7. Bb2 O-O 8. d3
Nbd7 9. Nc3 b6 10. e4 Ne5 11. cxd5 exd5 12. exd5 Nxf3+ 13. Bxf3 c5 14. d4 Bb7
15. dxc5 Bxc5 16. Qd2 Qd7 17. Rad1 Rad8 18. a3 Qf7 19. b4 Be7 20. Rfe1 Rd7 21.
Qf4 g6 22. d6 Bxd6 23. Rxd6 Rxd6 24. Bxb7 Rfd8 25. Ba6 Rd4 26. Qg5 Ng4 27. h3
Nf6 28. Bf1 Rd2 29. Ba1 Rc2 30. Ne2 Rdd2 31. Bxf6 h6 32. Qh4 Rd6 33. Nd4 Rd2
34. Qxh6 1-0

[Event "Lichtenrader Herbst 2016"]
[Site "Berlin-Lichtenrade"]
[Date "2016.10.30"]
[Round "9.12"]
[White "Sliwicka, Alicja"]
[Black "Roesemann, Rainer"]
[Result "1-0"]
[WhiteElo "2144"]
[BlackElo "2282"]
[PlyCount "137"]
[EventDate "2016.??.??"]
[WhiteTeam "UKS OPP TORUN"]
[BlackTeam "SV Bannewitz"]

1. e4 c6 2. d4 d5 3. e5 Bf5 4. c4 e6 5. Nc3 Ne7 6. a3 dxc4 7. Bxc4 Nd5 8. Nge2
Be7 9. Ng3 Nxc3 10. bxc3 Bg6 11. O-O Nd7 12. f4 Nb6 13. Bb3 Qd7 14. Qe2 Nd5 15.
c4 Nc7 16. Be3 b5 17. d5 cxd5 18. cxd5 Nxd5 19. Rad1 Nc3 20. Qf3 Qc8 21. Rc1
O-O 22. Bd4 Bxa3 23. Rxc3 Qd7 24. Bc5 Bxc5+ 25. Rxc5 a5 26. Kh1 a4 27. f5 axb3
28. fxg6 fxg6 29. Qxb3 Rxf1+ 30. Nxf1 Ra1 31. Qf3 b4 32. Rc2 h5 33. Rf2 Kh7 34.
g3 Qb5 35. Kg2 Qxe5 36. Re2 Qb5 37. Rb2 Qc4 38. Rf2 Ra2 39. Nd2 Qd4 40. Nb3
Rxf2+ 41. Qxf2 Qe4+ 42. Qf3 Qc2+ 43. Kh3 e5 44. Qe3 Qf5+ 45. Kg2 g5 46. Nd2 g4
47. Qb3 h4 48. Qxb4 h3+ 49. Kg1 Qd7 50. Qe4+ Kh8 51. Nf1 Qa7+ 52. Qe3 Qb7 53.
Qf2 Qb1 54. Qe2 Qa1 55. Kf2 Qa7+ 56. Ne3 Qf7+ 57. Ke1 Qa7 58. Nxg4 Qg1+ 59. Qf1
Qd4 60. Qxh3+ Kg8 61. Nf2 Qc3+ 62. Kf1 Qc4+ 63. Kg1 e4 64. Qh5 Qc1+ 65. Qd1 Qc5
66. Qd8+ Kf7 67. Qd7+ Kf6 68. Kg2 Qc4 69. Ng4+ 1-0

[Event "Lichtenrader Herbst 2016"]
[Site "Berlin-Lichtenrade"]
[Date "2016.10.30"]
[Round "9.13"]
[White "Gruzmann, Boris"]
[Black "Holinka, Henning"]
[Result "1-0"]
[WhiteElo "2253"]
[BlackElo "2018"]
[PlyCount "115"]
[EventDate "2016.??.??"]
[WhiteTeam "Lübecker SV"]
[BlackTeam "Hamburger SK von 1830 eV"]

1. e4 g6 2. d4 Bg7 3. Nc3 a6 4. Be3 d6 5. Qd2 Nd7 6. h4 h5 7. f3 b5 8. Nh3 Bb7
9. Ng5 Rc8 10. O-O-O c5 11. e5 e6 12. Nce4 Bxe4 13. Nxe4 dxe5 14. Nd6+ Kf8 15.
dxc5 Rc7 16. Qa5 Ne7 17. Ne4 Nd5 18. Bf2 Bh6+ 19. Kb1 f5 20. Ng5 Bxg5 21. hxg5
Kf7 22. c4 bxc4 23. Bxc4 Nb8 24. Bxd5 exd5 25. Rxd5 Rd7 26. Qxd8 Rhxd8 27.
Rxd7+ Rxd7 28. Kc2 Nc6 29. a3 Ke6 30. b4 e4 31. Re1 Rd3 32. Re3 Nd4+ 33. Kc1
Nb5 34. fxe4 Rxe3 35. exf5+ Kxf5 36. Bxe3 Ke4 37. Kd2 Nxa3 38. c6 Nb5 39. Bb6
Nd6 40. Bc5 Nb5 41. Bb6 Nd6 42. Ba5 Kd5 43. c7 Kc6 44. Ke3 Kb7 45. Kf4 Nf5 46.
Bb6 Kc8 47. Ke5 Kd7 48. Kf6 Nh4 49. g3 Nf5 50. Bf2 Ne7 51. Bd4 Nf5 52. Be5 h4
53. Kxg6 Nxg3 54. Kh7 Nh5 55. g6 h3 56. g7 Nf6+ 57. Bxf6 h2 58. c8=Q+ 1-0

[Event "Lichtenrader Herbst 2016"]
[Site "Berlin-Lichtenrade"]
[Date "2016.10.30"]
[Round "9.14"]
[White "Terhorst, Jochen"]
[Black "Hahlbohm, Matthias"]
[Result "1-0"]
[WhiteElo "2184"]
[BlackElo "2100"]
[PlyCount "118"]
[EventDate "2016.??.??"]
[WhiteTeam "SC Wittlich 1947"]
[BlackTeam "TSG Oberschöneweide e.V."]

1. e4 c5 2. Nf3 d6 3. Bb5+ Bd7 4. c4 Bxb5 5. cxb5 e5 6. Nc3 Nf6 7. d3 h6 8. O-O
Be7 9. Re1 O-O 10. Nd2 a6 11. Qb3 axb5 12. Nxb5 Nc6 13. Nc4 Ne8 14. Ne3 Bg5 15.
Nd5 Bxc1 16. Raxc1 Ne7 17. Ne3 Nc7 18. Nc3 b5 19. Nxb5 Nxb5 20. Qxb5 Rxa2 21.
Nc4 Qc7 22. Qb3 Ra6 23. Ra1 Rfa8 24. Ra3 Rxa3 25. bxa3 Rb8 26. Qa2 Nc6 27. h3
Na5 28. Rb1 Rxb1+ 29. Qxb1 Nxc4 30. dxc4 Qc6 31. f3 Qa6 32. Qb3 Kf8 33. a4 Ke7
34. Qb5 Qa7 35. a5 Kd8 36. Kh2 Kc7 37. Qe8 Qxa5 38. Qxf7+ Kc6 39. Qd5+ Kc7 40.
Qf7+ Kc6 41. Qe8+ Kc7 42. Qe7+ Kc6 43. Qxg7 Qd2 44. Qf6 Qc1 45. h4 Kc7 46. Kg3
Kc6 47. Kg4 Qxc4 48. Qxh6 Qe2 49. g3 c4 50. Qf8 Kc5 51. Qc8+ Kb4 52. Qb8+ Ka4
53. Qa7+ Kb3 54. Qb6+ Ka4 55. Qa6+ Kb3 56. h5 Qd2 57. Qb5+ Kc3 58. Qa5+ Kc2 59.
Qxd2+ Kxd2 1-0